| 000 | 00506 a2200181 4500 | ||
|---|---|---|---|
| 008 | 150907b xxu||||| |||| 00| 0 eng d | ||
| 041 | _aEnglish | ||
| 082 | _aCD5776 | ||
| 100 | _aGiri, Bamdev | ||
| 245 | _aSubverlive political irony in Doris Lessing's the Fifth Child | ||
| 260 |
_aKathmandu _c2009 |
||
| 502 |
_aDissertation _bDegree in English _cT.U. _d2009 |
||
| 650 | _aEnglish Literature | ||
| 650 | _aLitgerary Criticism | ||
| 650 | _aLiterary History | ||
| 653 | _aEnglish | ||
| 942 |
_2ddc _cVM |
||
| 999 |
_c62215 _d62203 |
||